Statistics for Locations by Letter - T

Click here to take the quiz!

General Stats

  • This quiz has been taken 31,853 times
  • The average score is 13 of 20

Answer Stats

DescriptionLocation% Correct
Biggest city in CanadaToronto
98%
U.S. state where "everything's bigger"Texas
93%
Marble mausoleum in Agra, IndiaTaj Mahal
89%
Romanian region of Count DraculaTransylvania
89%
Capital of JapanTokyo
84%
Where you can see the ball drop
on New Year's Eve
Times Square
83%
Country formerly called SiamThailand
81%
London square where Nelson's
column is located
Trafalgar Square
74%
State of AustraliaTasmania
71%
Region of which Florence is capitalTuscany
70%
Island where X marks the spotTreasure Island
68%
Most famous island in French PolynesiaTahiti
65%
Israeli city on the Mediterranean coastTel Aviv
64%
Ancient city of Homerian legendTroy
58%
Largest moon of SaturnTitan
55%
Largest of the Canary IslandsTenerife
44%
Home planet of the SkywalkersTatooine
41%
Unfinished building whose top
would reach heaven
Tower of Babel
39%
Town where Wyatt Earp had a shootoutTombstone
35%
Amusement park in CopenhagenTivoli Gardens
28%

Score Distribution

Percentile by Number Answered

Percent of People with Each Score

Your Score History

You have not taken this quiz